| 000 | 01129cam a2200277 a 4500 | ||
|---|---|---|---|
| 001 | sa 66000484 | ||
| 003 | DLC | ||
| 005 | 20260227112215.0 | ||
| 008 | 770118r19651881ii b 001 0 eng | ||
| 010 | _asa 66000484 | ||
| 035 | _a(OCoLC)2685218 | ||
| 040 |
_aDLC _cDLC _dDLC |
||
| 041 | 1 |
_aeng _hpli |
|
| 050 | 0 | 0 |
_aBQ2312.E5 _bD38 1965 |
| 130 | 0 |
_aTipiṭaka. _pVinayapiṭaka. _kSelections. _lEnglish. |
|
| 245 | 1 | 0 |
_aVinaya texts / _ctranslated from Pāli by T.W. Rhys Davids and Hermann Oldenberg. |
| 260 |
_aDelhi : _bMotilal Banarsidass, _c1965. |
||
| 300 |
_a3 v. ; _c23 cm. |
||
| 440 | 0 |
_aSacred books of the East series ; _vv. 13, 17, 20 |
|
| 440 | 0 |
_aUNESCO collection of representative works. _pIndian series |
|
| 500 | _aReprint. Originally published: Oxford : Clarendon Press, 1881. | ||
| 504 | _aIncludes bibliographical references and indexes. | ||
| 505 | 0 | _apt. 1. The Pātimokkha ; The Mahāvagga, I-IV -- pt. 2. The Mahâvagga, V-X ; The Kullavagga, I-III -- pt. 3. The Kulavagga, IV-XII. | |
| 700 | 1 |
_aDavids, T. W. Rhys _q(Thomas William Rhys), _d1843-1922. |
|
| 700 | 1 |
_aOldenberg, Hermann, _d1854-1920. |
|
| 999 |
_c67276 _d67276 |
||